000 00523nam a22001817a 4500
999 _c57415
_d57415
005 20200618113214.0
008 200618s2008 enk||||| |||| 00| 0 eng d
020 _a9781438203096
041 _aeng
080 _a512.83+004+620 K-23
100 _aKattan P. I.
_98498
245 _aMATLAB For Beginners: A Gentle Approach /
_cPeter I. Kattan.
264 _aMiddletown,
_c2008
300 _a286 p.
_b23 cm.
653 _aპროგრამირება
653 _aმატემატიკა
942 _2udc
_cBK